Guess the Bloodborne boss by Picture - Statistics

General Stats
  • This quiz has been taken 47 times
  • The average score is 11 of 17
Answer Stats
Picture Answer % Correct
Cleric Beast
91%
Blood-Starved Beast
88%
Rom, the Vacuous Spider
88%
Amygdala
79%
Father Gascoigne
79%
Vicar Amelia
79%
Darkbeast Paarl
65%
Gehrman, The First Hunter
65%
Shadows of Yharnam
65%
Micolash, Host of the Nightmare
62%
Witches of Hemwick
62%
Martyr Logarius
59%
The One Reborn
59%
Mergo's Wet Nurse
56%
Ebrietas, Daughter of the Cosmos
47%
Celestial Emissary
44%
Moon Prescence
21%
No matching quizzes found
Score Distribution
Percent of People with Each Score
Percentile by Number Answered
Your Score History
You have not taken this quiz